Directrices para la preservación del patrimonio digital / (Record no. 191577)
[ view plain ]
| 000 -LEADER | |
|---|---|
| campo de control de longitud fija | 00900nam a2200241 a 4500 |
| 001 - NÚMERO DE CONTROL | |
| campo de control | 191577 |
| 003 - IDENTIFICADOR DE NÚMERO DE CONTROL | |
| campo de control | ES-MaACL |
| 005 - FECHA Y HORA DE LA ÚLTIMA TRANSACCIÓN | |
| campo de control | 20240213124709.0 |
| 007 - CAMPO FIJO DE DESCRIPCIÓN FÍSICA--INFORMACIÓN GENERAL | |
| campo de control de longitud fija | cr ||||||||||| |
| 008 - DATOS DE LONGITUD FIJA--INFORMACIÓN GENERAL | |
| campo de control de longitud fija | 220930s2003 sp |||||s 001 ||spa|c |
| 245 00 - MENCIÓN DEL TÍTULO | |
| Título | Directrices para la preservación del patrimonio digital / |
| Mención de responsabilidad, etc. | preparado por la Biblioteca Nacional de Australia. |
| 256 ## - CARACTERÍSTICAS DEL ARCHIVO DE ORDENADOR | |
| Características del archivo de ordenador | Dades electròniques textuals. |
| 260 ## - PUBLICACIÓN, DISTRIBUCIÓN, ETC. | |
| Lugar de publicación, distribución, etc. | [S.l.] : |
| Nombre del editor, distribuidor, etc. | Organización de las Naciones Unidas para la Educación, la Ciencia y la Cultura. División de la Sociedad de la Información, |
| Fecha de publicación, distribución, etc. | 2003. |
| 500 ## - NOTA GENERAL | |
| Nota general | Ejemplar fotocopiado. |
| 505 ## - NOTA DE CONTENIDO CON FORMATO | |
| Nota de contenido con formato | Bibliografía |
| 650 #4 - PUNTO DE ACCESO ADICIONAL DE MATERIA--TÉRMINO DE MATERIA | |
| Término de materia o nombre geográfico como elemento de entrada | Preservación digital. |
| 9 (RLIN) | 175315 |
| 710 2# - ENTRADA AGREGADA--NOMBRE DE ENTIDAD CORPORATIVA | |
| Nombre de entidad corporativa o nombre de jurisdicción como elemento de entrada | National Library of Australia. |
| 9 (RLIN) | 175325 |
| 710 2# - ENTRADA AGREGADA--NOMBRE DE ENTIDAD CORPORATIVA | |
| Nombre de entidad corporativa o nombre de jurisdicción como elemento de entrada | Unesco. |
| 9 (RLIN) | 6999 |
| 852 ## - LOCALIZACIÓN | |
| Ubicación | ES-MaACL |
| Número de control de estantería | A-15164 |
| itemnumber | 198861 |
| Ubicación en estantería | Depósito 1 |
| Signatura antigua | Olim: 025.85 dir |
| 942 ## - ELEMENTOS DE ENTRADA SECUNDARIOS (KOHA) | |
| Fuente del sistema de clasificación o colocación | Clasificación decimal universal |
| Estatus retirado | Estado de pérdida | Fuente del sistema de clasificación o colocación | Estado de daño | No para préstamo | Biblioteca de origen | Biblioteca actual | Ubicación en estantería | Fecha de adquisición | Total de préstamos | Signatura topográfica completa | Código de barras | Visto por última vez | Precio de reemplazo | Tipo de ítem Koha |
|---|---|---|---|---|---|---|---|---|---|---|---|---|---|---|
| Clasificación decimal universal | Biblioteca del Ateneo de Madrid | Biblioteca del Ateneo de Madrid | Depósito 1 | 30/09/2022 | A-15164 | 1203986 | 23/02/2023 | 23/02/2023 | Libro impreso |
